000 02593ncm0a2200433 4500
001 RU\NLR\ONIZ\216865
005 20250626062407.0
010 _a978-5-98450-174-3
021 _aRU
_b11-398н
_911-34н
035 _aRU\NLR\ONIZ\lanatalya\5000004923\20170329114052
035 _a(NLR Aleph) 011414382
090 _a11575433
_c11575433
100 _a20170329d2011 |||y0rusy50 ca
101 0 _arus
102 _aRU
125 _azx
145 0 _ac
200 1 _aПесенный репертуар для детей дошкольного возраста
_bНоты
_hЧ. 2
_eучеб.-метод. пособие
_fИ. А. Борисова, Е. Н. Михеева, Л. А. Перова
210 _aАрхангельск
_cКИРА
_d2011
215 _a76 с.
_cфото
_d30 см
300 _aДля освоения теории и практики конструирования аккомп. и приобретения навыков музицирования по букв.-цифр. системе аккордов
313 _aСистематизация документа проведена по изданию - Методика классифицирования музыкальных произведений (нотных изданий) по таблицам Библиотечно-библиографических классификаций : метод. рекомендации / Гос. б-ка СССР им. В.И. Ленина.- М., 1977. Индексу ББК методических рекомендаций присваивается код ББК для научных библиотек - LBC/SL
606 1 _aУчебные пособия для детского сада
_jНоты
_2nlr_sh
686 _aЩ984.1(2Р=Р)я43
_vLBC/SL
_2rubbk
700 1 _9z01790
_aБорисова
_bИ. А.
_gИрина Александровна
_4070
_4220
701 1 _9z02790
_aМихеева
_bЕ. Н.
_gЕлена Николаевна
_4220
_4070
701 1 _9z03790
_aПерова
_bЛ. А.
_gЛюдмила Алексеевна
_4220
_4070
790 1 _9z01700
_aBorisova
_bI. A.
_gIrina Alexandrovna
_4070
_4220
790 1 _9z02701
_aMikheyeva
_bY. N.
_gYelena Nikolayevna
_4220
_4070
790 1 _9z03701
_aPerova
_bL. A.
_gLyudmila Alekseevna
_4220
_4070
801 0 _aRU
_bNLR
_c20170329
_gPSBO
801 1 _aRU
_bNLR
_c20170329
_2rusmarc
801 2 _aRU
_bNLR
_c20190921
852 _aNLR
_bМ
_jК-3/28174(2)
_pМОЭ 2011-34н/398н
_t1
852 _aNLR
_bМ
_jК-3/28174(2)а
_pМОЭ 2011-34н/398на
_t2
942 _cSCORE
980 _aNB
980 _aONIZ